Salmond on the law of torts (Record no. 79850)

MARC details
000 -LEADER
fixed length control field 00377nam a2200157Ia 4500
008 - FIXED-LENGTH DATA ELEMENTS--GENERAL INFORMATION
fixed length control field 230917s9999||||xx |||||||||||||| ||und||
040 ## - CATALOGING SOURCE
-- 184961
Original cataloging agency VIVEKANANDA LIBRARY
041 ## - Language
-- English
082 ## - DDC NUMBER
Classification number 346.03 S35L
100 ## - MAIN ENTRY--PERSONAL NAME
Personal name Heuston, R F V
245 #0 - TITLE STATEMENT
Title Salmond on the law of torts
250 ## - EDITION STATEMENT
Edition statement 12th ed.
260 ## - PUBLICATION, DISTRIBUTION, ETC. (IMPRINT)
Place of publication, distribution, etc London
Name of publisher, distributor, etc Sweet & Maxwell
Date of publication, distribution, etc 1957
300 ## - PHYSICAL DESCRIPTION
Pages 792 p.
942 ## - ADDED ENTRY ELEMENTS (KOHA)
Koha item type Books
Holdings
Withdrawn status Lost status Source of classification or shelving scheme Damaged status Not for loan Location (home branch) Sublocation or collection (holding branch) Date acquired Koha issues (times borrowed) Koha full call number Accession No. Koha date last seen Koha item type
Withdrawn   Dewey Decimal Classification Damaged   VIVEKANANDA LIBRARY VIVEKANANDA LIBRARY 07/06/2011   346.03 S35L 156347 17/09/2023 Books
© Designed and Maintained by Vivekananda Library, MDU Rohtak